zpět

Detail výsledku týmu

U Boudů - Kolovraty, Praha

Datum a čas kvízu

26.5 Celkem bodů Celkový počet nahraných bodů na tomto kvízu bez doplňovacích otázek.
7. Pořadí na kvízu Konečné umístění týmu na tomto kvízu.

Zaznamenané odpovědi

# Otázka Odpověď Body Výsledky
1. Ve středu ve 12 hodin jsme se... zkouška sirén 1
2. Ruské úřady zadržely tři školá... C) sněhovými koulemi uhasili věčný oheň u památníku 0
3. Dvě ikony folku 60. let minulé... Art Garfunkel, Paul Simon 0
4. Ve čtvrtek byla v pražských Št... Lidl 1
5. V neděli byl oficiálně oznámen... SK Slavia Praha, Tottenham Hotspur FC 1
6. Z historie se zdá, že Američan... Dwight Eisenhower 1
7. Kterou vysokou školu vystudova... D 1
8. Pod kterým uměleckým pseudonym... Vin Diesel 0
9. Lebkouni ze stejnojmenného fil... A 0
10. „Jak vykrást banku“ je francou... Václav Faltus; František Filipovský 0.5